Ecgonomi trong thiết kế và sản xuất

Sách trình bày một số đặc điểm sinh lý của con người trong hoạt động lao động; chế độ lao động, nghỉ ngơi, chế độ dinh dưàng; hoạt động trí óc; đơn điệu, tần số thao tác, rối loạn cơ - xương; nhân trắc học écgônômi; các nguyên tắc écg...

Description complète

Enregistré dans:
Détails bibliographiques
Auteur principal: Nguyễn, Bạch Ngọc
Format: Livre
Langue:Undetermined
Publié: Hà Nội Giáo Dục 2000
Sujets:
Tags: Ajouter un tag
Pas de tags, Soyez le premier à ajouter un tag!
Thư viện lưu trữ: Trung tâm Học liệu Trường Đại học Cần Thơ
LEADER 01143nam a2200205Ia 4500
001 CTU_37269
008 210402s9999 xx 000 0 und d
020 |c 17700 
082 |a 620.82 
082 |b Ng419 
100 |a Nguyễn, Bạch Ngọc 
245 0 |a Ecgonomi trong thiết kế và sản xuất 
245 0 |c Nguyễn Bạch Ngọc 
260 |a Hà Nội 
260 |b Giáo Dục 
260 |c 2000 
520 |a Sách trình bày một số đặc điểm sinh lý của con người trong hoạt động lao động; chế độ lao động, nghỉ ngơi, chế độ dinh dưàng; hoạt động trí óc; đơn điệu, tần số thao tác, rối loạn cơ - xương; nhân trắc học écgônômi; các nguyên tắc écgônômi trong thiết kế vị trí lao động; écgônômi và màu sắc nội thất; écgônômi thị giác; écgônômi thiết kế sản phẩm... 
650 |a Human engineering,Work measurement 
904 |i Minh, 000704 
980 |a Trung tâm Học liệu Trường Đại học Cần Thơ